000
00205nam a2200085Ia 4500
008
120527s9999 xx 000 0 und d
100
_a
CLARKE,E.Carl.
245
_a
Parkinson's dsease in practice
942
_c
BK
999
_c
23666
_d
23666